Computer forensics : (Record no. 6781)

MARC details
000 -LEADER
fixed length control field 01597cam a2200217 a 4500
020 ## - INTERNATIONAL STANDARD BOOK NUMBER
ISBN 9780131547278 (alk. paper)
020 ## - INTERNATIONAL STANDARD BOOK NUMBER
ISBN 0131547275 (alk. paper)
050 00 - CALL NUMBER
Classification number QA76.9.A25
Item number .V59145
100 1# - AUTHOR
Personal name Volonino, Linda.
245 10 - TITLE
Title Computer forensics :
Remainder of title principles and practices /
Statement of responsibility, etc Linda Volonino, Reynaldo Anzaldua, Jana Godwin ; contributing author, Gary C. Kessler.
250 ## - EDITION
Edition statement 1st ed.
260 ## - PUBLICATION INFORMATION
Place of publication Upper Saddle River, N.J. :
Name of publisher Pearson/Prentice Hall,
Year of publication c2007.
300 ## - DESCRIPTION
Number of Pages xviii, 534 p. :
Other physical details ill. ;
Dimensions 24 cm.
500 ## - NOTES
General note Includes index
505 0# - FORMATTED CONTENTS NOTE
Table of Content P1. Admissibility of electronic evidence:<br/>Forensic evidence and crime investigation<br/>Computer forensics and digital detective work <br/>P2. Preparing for E-evidence collection and preservation: <br/>Tools, environents, equipment, and certifications <br/>Policies and procedures <br/>Data, PDA, and cell phone forensics <br/>P3. Forensic examination of computers and digital and electronic media: <br/>Operating systems and data transmission basics for digital investigations <br/>Investigating Windows, Linux, and graphics files <br/>E-mail and Webmail forensics <br/>P4. Detecting intrusions, malware, and fraud:<br/>Internet and network forensics and intrusion detection <br/>Tracking down those who intend to do harm on a large scale<br/>Fraud and forensic accounting investigations <br/>P5. Legal, ethical, and testimony topics: <br/>Federal rules and criminal codes <br/>Ethical and professional responsibility in testimony --
650 #0 - SUBJECTS
Topical Term Computer security.
650 #0 - SUBJECTS
Topical Term Computer crimes.
700 1# - OTHER AUTHORS
Personal name Anzaldua, Reynaldo.
700 1# - OTHER AUTHORS
Personal name Godwin, Jana.
942 ## - ADDED ENTRY ELEMENTS (KOHA)
Koha item type Books
Holdings
Withdrawn status Lost status Collection code Home library Current library Shelving location Date acquired Full call number Accession Number Koha item type
    Reference Methodist University Library Main Methodist University Library Main General Stacks 22/11/2019 QA76.9.A25 .V9145 23564 Books
Copyright © 2026  MUG Library